000 00429nam a22001697a 4500
003 NUST - PNEC
005 20170116180958.0
008 150912b xxu||||| |||| 00| 0 eng d
020 _a-
040 _cLIBRARY
082 _a621.381 BON
100 _99333
_aBonnet, Bob
245 _aScience fair projects with electricity & electronics
_cBob Bonnet
260 _c-
650 _99340
_aElectronics
_xEL , EE
942 _2ddc
_cBK
999 _c66592
_d66592